[Event "38th Nezhmetdinov Mem"]
[Site "Kazan RUS"]
[Date "2016.06.04"]
[Round "5.11"]
[White "Smirnov, Pavel"]
[Black "Mohammad, Nubairshah Shaikh"]
[Result "1-0"]
[WhiteTitle "GM"]
[WhiteElo "2564"]
[BlackElo "2413"]
[WhiteFideId "4123425"]
[BlackFideId "5053196"]
[EventDate "2016.05.31"]

1. Nf3 d5 2. c4 d4 3. b4 c5 4. g3 g6 5. Bg2 Bg7 6. d3 Nf6 7. O-O O-O 8. bxc5
Nfd7 9. Ba3 Na6 10. c6 bxc6 11. Nbd2 Rb8 12. Qa4 c5 13. Rab1 Rb6 14. Rb3 Bb7 15.
Rxb6 axb6 16. Nxd4 cxd4 17. Bxb7 Nac5 18. Qc6 Qb8 19. Ba6 Qa8 20. Qxa8 Rxa8 21.
Bxc5 Nxc5 22. Bb5 Rxa2 23. Rd1 e5 24. Kf1 Kf8 25. Bc6 Ke7 26. Ne4 f5 27. Nxc5
bxc5 28. Rb1 Ra7 29. Rb6 Rc7 30. Bd5 Kf8 31. h4 e4 32. dxe4 fxe4 33. Bxe4 Re7
34. Bd5 Rc7 35. f4 d3 36. exd3 Bd4 37. Kg2 Kg7 38. Kf3 Ra7 39. g4 Ra1 40. Rb7+
Kf8 41. Rf7+ Kg8 42. Rc7+ Kf8 43. Rxh7 Rf1+ 44. Kg3 Rg1+ 45. Kh3 Bf2 46. g5 Rg3+
47. Kh2 Rg4 48. h5 Rxf4 49. h6 Bd4 50. Ra7 Rh4+ 51. Kg3 Rh5 52. Kg4 Be3 53. h7
Bd4 54. Be4 Rh2 55. Bxg6 Rg2+ 56. Kh3 Rxg5 57. Rf7+ Ke8 58. Rg7+ 1-0

[Event "38th Nezhmetdinov Mem"]
[Site "Kazan RUS"]
[Date "2016.06.04"]
[Round "5.12"]
[White "Isajevsky, Anton"]
[Black "Predke, Alexandr"]
[Result "1/2-1/2"]
[WhiteTitle "FM"]
[WhiteElo "2403"]
[BlackElo "2535"]
[WhiteFideId "4142500"]
[BlackFideId "24107581"]
[EventDate "2016.05.31"]

1. d4 Nf6 2. c4 e6 3. g3 d5 4. Nf3 dxc4 5. Qa4+ Nbd7 6. Bg2 c6 7. Qxc4 Bd6 8.
Bf4 Bxf4 9. gxf4 Qb6 10. Qb3 Qxb3 11. axb3 Nd5 12. e3 f6 13. Nc3 Ke7 14. O-O b6
15. Rfc1 Bb7 16. Nxd5+ exd5 17. b4 a5 18. bxa5 Rxa5 19. Rxa5 bxa5 20. Nd2 a4 21.
Bf1 Ra8 22. Ra1 c5 23. Bd3 cxd4 24. exd4 h6 25. b3 a3 26. Nb1 a2 27. Nc3 Ra3 28.
Rxa2 Rxb3 29. Rc2 Bc6 30. Ne2 Kd6 31. Rc3 Rb4 32. Ng3 Nb6 33. Nf5+ Kd7 34. h3
Na4 35. Ra3 g6 36. Nxh6 Rxd4 37. f5 gxf5 38. Nxf5 Rf4 39. Bc2 Nc5 40. Ra7+ Bb7
41. Ra5 Rc4 42. Ne3 Rc3 43. Bf5+ Kd6 1/2-1/2

[Event "38th Nezhmetdinov Mem"]
[Site "Kazan RUS"]
[Date "2016.06.04"]
[Round "5.13"]
[White "Gabrielian, Artur"]
[Black "Yagupov, Igor"]
[Result "1-0"]
[WhiteTitle "GM"]
[BlackTitle "GM"]
[WhiteElo "2520"]
[BlackElo "2400"]
[WhiteFideId "4131002"]
[BlackFideId "4113632"]
[EventDate "2016.05.31"]

1. e4 c5 2. Nf3 Nc6 3. d4 cxd4 4. Nxd4 g6 5. Nc3 Bg7 6. Be3 Nf6 7. Bc4 O-O 8.
Bb3 Re8 9. Nxc6 dxc6 10. Qxd8 Rxd8 11. f3 b6 12. a4 Rd7 13. a5 Ba6 14. axb6 axb6
15. Kf2 Kf8 16. Rhd1 1-0

[Event "38th Nezhmetdinov Mem"]
[Site "Kazan RUS"]
[Date "2016.06.04"]
[Round "5.14"]
[White "Kharchenko, Boris"]
[Black "Kanter, Eduard"]
[Result "1/2-1/2"]
[WhiteTitle "GM"]
[BlackTitle "IM"]
[WhiteElo "2467"]
[BlackElo "2375"]
[WhiteFideId "14113210"]
[BlackFideId "4103963"]
[EventDate "2016.05.31"]

1. e4 c5 2. c3 Nf6 3. e5 Nd5 4. Nf3 Nc6 5. Bc4 e6 6. d4 cxd4 7. cxd4 d6 8. O-O
Be7 9. Bd2 O-O 10. Re1 Bd7 11. Nc3 Nxc3 12. Bxc3 dxe5 13. dxe5 Qc7 14. Rc1 Rfd8
15. Bd3 Be8 16. Qe2 Rac8 17. h4 Qb8 18. a3 a6 19. h5 b5 20. Qe4 g6 21. Bb1 b4
22. axb4 Nxb4 23. Qg4 Nd3 24. Bxd3 Rxd3 25. Ng5 Bc6 26. Qf4 Rf8 27. hxg6 fxg6
28. Qc4 Bxg5 29. Qxd3 Bxc1 30. Rxc1 Qb5 31. Qd6 Qd5 32. f3 Rd8 33. Qxd5 Bxd5 34.
Bb4 Rb8 35. Ba3 g5 36. Rc7 Rb7 37. Rxb7 Bxb7 38. Kf2 Kf7 39. Bd6 h5 40. b4 Kg6 1/2-1/2

[Event "38th Nezhmetdinov Mem"]
[Site "Kazan RUS"]
[Date "2016.06.04"]
[Round "5.15"]
[White "Gubajdullin, Alexei"]
[Black "Harutyunian, Tigran K."]
[Result "0-1"]
[WhiteTitle "FM"]
[BlackTitle "IM"]
[WhiteElo "2346"]
[BlackElo "2452"]
[WhiteFideId "4141202"]
[BlackFideId "13303635"]
[EventDate "2016.05.31"]

1. Nf3 d5 2. b3 c5 3. e3 a6 4. Bb2 Nc6 5. d4 cxd4 6. exd4 Nf6 7. Nbd2 g6 8. a3
Bg7 9. Bd3 O-O 10. O-O Bf5 11. Bxf5 gxf5 12. Ne1 Ne4 13. Ndf3 Qb6 14. Qd3 Rac8
15. Qe3 f4 16. Qxf4 Nxd4 17. Nxd4 Bxd4 18. Qg4+ Kh8 19. Bxd4+ Qxd4 20. Rd1 Qc5
21. Qf5 Nc3 22. Nd3 Qxa3 23. Rde1 Qd6 24. Ne5 Qf6 25. Qh5 Qg7 26. Re3 Ne4 27. c4
f5 28. f4 e6 29. Rd1 b5 30. cxd5 exd5 31. Red3 Qa7+ 32. Rd4 Rc1 0-1

[Event "38th Nezhmetdinov Mem"]
[Site "Kazan RUS"]
[Date "2016.06.04"]
[Round "5.16"]
[White "Korchmar, Vasiliy"]
[Black "Sargissyan, Sargis"]
[Result "0-1"]
[WhiteTitle "IM"]
[BlackTitle "FM"]
[WhiteElo "2437"]
[BlackElo "2340"]
[WhiteFideId "24131750"]
[BlackFideId "13303210"]
[EventDate "2016.05.31"]

1. d4 Nf6 2. c4 g6 3. Nc3 Bg7 4. e4 d6 5. h3 O-O 6. Nf3 e5 7. d5 Nh5 8. g3 Na6
9. Be3 f5 10. exf5 gxf5 11. Ng5 Nf6 12. Qd2 Nc5 13. b4 Na6 14. a3 c5 15. dxc6
bxc6 16. O-O-O e4 17. h4 h6 18. Nh3 Ng4 19. Bd4 Ne5 20. c5 d5 21. Qb2 Qe7 22.
Nf4 Nc7 23. Na4 Ba6 24. Bxa6 Nxa6 25. Bxe5 Bxe5 26. Qe2 Bxf4+ 27. gxf4 Nc7 28.
Qb2 Kh7 29. Nc3 Ne6 30. Ne2 Qf6 31. Qxf6 Rxf6 32. Kb2 Rg8 33. Kc3 Rg2 34. Rhf1
Rh2 35. b5 Nxc5 36. Kd4 Nd3 37. bxc6 Rxc6 38. Kxd5 Rc5+ 39. Kd6 Rg2 40. Ng3 Ra5
41. Rb1 Nxf2 42. Rg1 Rxg1 43. Rxg1 Nh3 44. Rf1 Kg6 45. Ke6 h5 46. a4 Ra6+ 47.
Ke5 Rxa4 48. Ne2 Ra5+ 49. Ke6 Ra6+ 50. Ke5 Ra5+ 51. Ke6 Ra4 52. Ke5 e3 53. Nc3
Rc4 54. Nd5 Re4+ 55. Kd6 e2 56. Re1 Nxf4 57. Ne7+ Kf6 0-1

[Event "38th Nezhmetdinov Mem"]
[Site "Kazan RUS"]
[Date "2016.06.04"]
[Round "5.17"]
[White "Severina, Maria"]
[Black "Hasangatin, Ramil"]
[Result "1/2-1/2"]
[WhiteTitle "WIM"]
[BlackTitle "GM"]
[WhiteElo "2330"]
[BlackElo "2512"]
[WhiteFideId "4116909"]
[BlackFideId "4122160"]
[EventDate "2016.05.31"]

1. d4 d6 2. e4 Nf6 3. Nc3 g6 4. Nf3 Bg7 5. Bc4 O-O 6. O-O Nc6 7. d5 Nb8 8. Re1
Bg4 9. h3 Bxf3 10. Qxf3 Nbd7 11. Qd1 c6 12. Bg5 Qc7 13. Qd2 Rfe8 14. Kh1 Nc5 15.
Bf1 a5 16. Qe3 Nfd7 17. Rad1 Qb6 18. b3 a4 19. Bh6 Bh8 20. f3 axb3 21. axb3 Na6
22. Bxa6 Rxa6 23. Qxb6 Nxb6 24. Ne2 Rea8 25. f4 Ra2 26. c4 Rb2 27. Nc1 1/2-1/2

[Event "38th Nezhmetdinov Mem"]
[Site "Kazan RUS"]
[Date "2016.06.04"]
[Round "5.18"]
[White "Khegay, Dmitriy"]
[Black "Murtazin, Bulat"]
[Result "1-0"]
[WhiteTitle "FM"]
[BlackTitle "FM"]
[WhiteElo "2434"]
[BlackElo "2319"]
[WhiteFideId "24153729"]
[BlackFideId "24151351"]
[EventDate "2016.05.31"]

1. d4 Nf6 2. c4 e6 3. g3 Bb4+ 4. Bd2 a5 5. Bg2 O-O 6. Nf3 b6 7. O-O Bb7 8. Bg5
Re8 9. a3 Bf8 10. Re1 h6 11. Bf4 d6 12. Nc3 Nbd7 13. d5 exd5 14. cxd5 b5 15. Nd4
b4 16. Nc6 Bxc6 17. dxc6 Ne5 18. Nd5 Nxd5 19. Bxd5 Qb8 20. e4 Ra6 21. Qe2 Rb6
22. Be3 Nxc6 23. Bxb6 Qxb6 24. Bxc6 Qxc6 25. axb4 axb4 26. Rac1 Qb7 27. Qc4 c5
28. Rcd1 Re6 29. Rd5 Qb8 30. f4 g6 31. e5 Bg7 32. Red1 Bf8 33. Rf1 Bg7 34. Qd3
Bf8 35. f5 gxf5 36. Qxf5 Qc7 37. Qg4+ Rg6 38. Qe4 dxe5 39. Rxe5 Bd6 40. Ref5 Rg7
41. Qa8+ Kh7 42. Qe4 Kg8 43. Qa8+ Kh7 44. Qd5 Bxg3 45. Kh1 f6 46. Rxf6 Be5 47.
Qe4+ Kh8 48. Rf8+ Rg8 49. R8f7 1-0

[Event "38th Nezhmetdinov Mem"]
[Site "Kazan RUS"]
[Date "2016.06.04"]
[Round "5.19"]
[White "Faizrakhmanov, Ramil"]
[Black "Filipenko, Alexander V"]
[Result "1-0"]
[WhiteTitle "FM"]
[BlackTitle "IM"]
[WhiteElo "2422"]
[BlackElo "2278"]
[WhiteFideId "24103209"]
[BlackFideId "4104471"]
[EventDate "2016.05.31"]

1. d4 d5 2. c4 c6 3. Nf3 Nf6 4. Qc2 g6 5. Bf4 dxc4 6. Qxc4 Be6 7. Qc1 Nbd7 8.
Nc3 Nd5 9. Ng5 Bg7 10. Qd2 Nxf4 11. Qxf4 Nb6 12. Nxe6 fxe6 13. Rd1 e5 14. dxe5
Qc7 15. e3 Qxe5 16. Qb4 O-O 17. Be2 Nd5 18. Nxd5 cxd5 19. Rxd5 Qxb2 20. Qxb2
Bxb2 21. O-O b6 22. Rd7 Ba3 23. Bf3 Rac8 24. Rxa7 Bc5 25. Rd1 Rfd8 26. h4 Rxd1+
27. Bxd1 Rd8 28. Bb3+ Kg7 29. g4 g5 30. h5 h6 31. Kg2 Kf6 32. Rc7 Ke5 33. Rc6
Rd6 34. Rc8 Rf6 35. Rh8 1-0

[Event "38th Nezhmetdinov Mem"]
[Site "Kazan RUS"]
[Date "2016.06.04"]
[Round "5.20"]
[White "Tunik, Gennady"]
[Black "Baraeva, Marina"]
[Result "1-0"]
[WhiteTitle "GM"]
[BlackTitle "WIM"]
[WhiteElo "2404"]
[BlackElo "2208"]
[WhiteFideId "4101219"]
[BlackFideId "24142573"]
[EventDate "2016.05.31"]

1. d4 d5 2. c4 c6 3. Nf3 Nf6 4. Nc3 dxc4 5. a4 Bf5 6. Ne5 Nbd7 7. Nxc4 Qc7 8.
Qd2 e6 9. Qf4 Qxf4 10. Bxf4 Nb6 11. e3 Nxc4 12. Bxc4 Bb4 13. Be5 Ne4 14. Rc1 O-O
15. Ke2 Rfd8 16. f3 Nxc3+ 17. bxc3 Bd6 18. Bxd6 Rxd6 19. e4 Bg6 20. Rb1 b6 21.
Rb2 Kf8 22. Ke3 Ke7 23. g4 f6 24. g5 e5 25. gxf6+ gxf6 26. Rg1 Rad8 27. Rd2 a6
28. h4 b5 29. h5 bxc4 30. hxg6 hxg6 31. Rxg6 exd4+ 32. cxd4 Rb8 33. Rg7+ Kf8 34.
Rc7 Rb3+ 35. Kf4 Rd3 36. Rh2 Kg8 37. Rb2 R3xd4 38. Rb8+ Rd8 39. Rxd8+ Rxd8 40.
Rxc6 Kg7 41. Kf5 Rd3 42. f4 Rf3 43. Rxc4 Rf1 44. Rc7+ Kf8 45. Rc6 1-0

[Event "38th Nezhmetdinov Mem"]
[Site "Kazan RUS"]
[Date "2016.06.04"]
[Round "5.21"]
[White "Nesterov, Arseniy"]
[Black "Ponfilenok, Vladimir"]
[Result "1/2-1/2"]
[WhiteElo "2273"]
[BlackElo "2395"]
[WhiteFideId "24198455"]
[BlackFideId "24113522"]
[EventDate "2016.05.31"]

1. c4 e6 2. Nf3 f5 3. b3 Nf6 4. Bb2 d5 5. e3 Bd6 6. Be2 O-O 7. O-O c6 8. Nc3
Nbd7 9. d3 Qe7 10. Rc1 Ne5 11. Qc2 Bd7 12. Nxe5 Bxe5 13. g3 Rad8 14. Bf3 Be8 15.
Na4 Bxb2 16. Qxb2 e5 17. Bg2 dxc4 18. dxc4 e4 19. Qc3 c5 20. Qa5 b6 21. Qa6 Bxa4
22. Qxa4 Rd2 23. Rcd1 Rfd8 24. Rxd2 Rxd2 25. Qc6 g6 26. a3 Ng4 27. b4 Ne5 28.
Qc8+ Rd8 29. Qa6 Rd7 30. bxc5 Qxc5 31. Rc1 Kg7 32. h3 h5 33. h4 Kf6 34. a4 Qa3
35. Rf1 Qc5 36. Rc1 Nd3 37. Rb1 Rc7 38. a5 Qxa5 39. Qxa5 bxa5 40. Ra1 Rc5 41.
Bf1 Ne5 42. Be2 Nd7 43. Kf1 Nb6 44. Ke1 a4 45. Rc1 a3 46. Ra1 Ra5 47. Kd2 Ke5
48. Kc3 Ra4 49. c5 Nd5+ 50. Kb3 Ra5 51. Rxa3 Rxc5 52. Rxa7 Rc3+ 53. Kb2 Rc6 54.
Ra5 Kd6 55. Ra6 Rxa6 56. Bxa6 1/2-1/2

[Event "38th Nezhmetdinov Mem"]
[Site "Kazan RUS"]
[Date "2016.06.04"]
[Round "5.22"]
[White "Yandemirov, Valeri"]
[Black "Nebolsina, Vera"]
[Result "0-1"]
[WhiteTitle "GM"]
[BlackTitle "WGM"]
[WhiteElo "2388"]
[BlackElo "2186"]
[WhiteFideId "4102622"]
[BlackFideId "4163591"]
[EventDate "2016.05.31"]

1. e4 c5 2. Nf3 Nc6 3. Bb5 g6 4. O-O Bg7 5. c3 Nf6 6. Re1 O-O 7. e5 Nd5 8. d4
cxd4 9. cxd4 d6 10. Nc3 Be6 11. Ng5 dxe5 12. Nxe6 fxe6 13. Bxc6 bxc6 14. dxe5
Qb6 15. Qc2 Rad8 16. Be3 Nxe3 17. Rxe3 Bh6 18. Re2 Rxf2 19. Rxf2 Rd2 20. Qxd2
Bxd2 21. Na4 Qe3 22. Rd1 Be1 23. Rxe1 Qxe1+ 24. Rf1 Qb4 25. b3 Qd4+ 26. Kh1 Qxe5
27. h3 Qe2 28. Rc1 e5 29. Rxc6 e4 30. Nc3 Qf1+ 31. Kh2 e3 32. Re6 Qd3 33. Ne4
Qd7 0-1

[Event "38th Nezhmetdinov Mem"]
[Site "Kazan RUS"]
[Date "2016.06.04"]
[Round "5.23"]
[White "Nikitenko, Mihail"]
[Black "Filyanin, Daniil"]
[Result "1-0"]
[WhiteElo "2374"]
[BlackElo "2006"]
[WhiteFideId "13506862"]
[BlackFideId "24177300"]
[EventDate "2016.05.31"]

1. e4 d6 2. d4 Nf6 3. Nc3 e5 4. Nf3 Nbd7 5. Bc4 Be7 6. O-O O-O 7. a4 exd4 8.
Nxd4 Ne5 9. Bb3 c5 10. Nde2 Be6 11. Bxe6 fxe6 12. f4 Nc6 13. f5 d5 14. Nf4 Nd4
15. e5 Ne8 16. f6 gxf6 17. Qg4+ Kf7 18. Ncxd5 Rg8 19. Qh5+ Kg7 20. Ra3 exd5 21.
Rh3 Kf8 22. Qxh7 Ng7 23. c3 Nc6 24. Ng6+ Kf7 25. Nxe7 Nxe5 26. Nxg8 Qxg8 27. Qh4
f5 28. Bh6 Ke6 29. Re1 Re8 30. Rhe3 Kd6 31. Bf4 1-0

[Event "38th Nezhmetdinov Mem"]
[Site "Kazan RUS"]
[Date "2016.06.04"]
[Round "5.24"]
[White "Korovin, Mikhail"]
[Black "Korniushin, Nikolay"]
[Result "1/2-1/2"]
[BlackTitle "IM"]
[WhiteElo "2240"]
[BlackElo "2348"]
[WhiteFideId "24178560"]
[BlackFideId "4123808"]
[EventDate "2016.05.31"]

1. d4 Nf6 2. Nf3 g6 3. c4 Bg7 4. Nc3 d5 5. Qb3 dxc4 6. Qxc4 O-O 7. e4 Nfd7 8.
Be3 Nb6 9. Qb3 Be6 10. d5 Bg4 11. Rd1 N8d7 12. Be2 c6 13. dxc6 bxc6 14. Nd4 Bxe2
15. Ncxe2 Qc7 16. Rc1 c5 17. Nf3 Qb7 18. Qc2 Nf6 19. Nd2 Qa6 20. b3 Ng4 21. Bf4
Rac8 22. Nc4 Nxc4 23. bxc4 Rfd8 24. O-O Ne5 25. Bxe5 Bxe5 26. Rb1 e6 27. g3 Rb8
28. Kg2 Rxb1 29. Rxb1 Qa5 30. Rb5 Qe1 31. Rb1 Rd2 32. Rxe1 Rxc2 33. Kf3 Rxa2 34.
Rd1 a5 35. Rd8+ Kg7 36. Rc8 Bd4 37. e5 Ra3+ 38. Kg2 Bxe5 39. Rxc5 Bf6 40. Rc7
Ra2 41. Kf3 h5 42. Ra7 g5 43. Ke3 Ra3+ 44. Ke4 Kg6 45. h4 Ra2 46. Ke3 gxh4 47.
Nf4+ Kf5 48. Rxf7 Ra3+ 49. Ke2 hxg3 50. fxg3 Ra2+ 51. Kf3 Ra3+ 52. Kg2 h4 53.
gxh4 1/2-1/2

[Event "38th Nezhmetdinov Mem"]
[Site "Kazan RUS"]
[Date "2016.06.04"]
[Round "5.25"]
[White "Bilan, Danila"]
[Black "Fakhrutdinov, Timur"]
[Result "1/2-1/2"]
[BlackTitle "FM"]
[WhiteElo "2244"]
[BlackElo "2336"]
[WhiteFideId "24161918"]
[BlackFideId "24176702"]
[EventDate "2016.05.31"]

1. d4 Nf6 2. c4 e6 3. Nf3 d5 4. Nc3 c6 5. e3 Nbd7 6. b3 Bb4 7. Bd2 O-O 8. Bd3
Re8 9. O-O dxc4 10. Bxc4 e5 11. Ng5 Rf8 12. Nce4 Nxe4 13. Nxe4 Bxd2 14. Qxd2 Qe7
15. d5 cxd5 16. Qxd5 Nb6 17. Qd6 Qxd6 18. Nxd6 Nxc4 19. Nxc4 f6 20. Nd6 Rd8 21.
Rfd1 b6 22. Rac1 Be6 23. Rc7 Rac8 24. Rxc8 Bxc8 25. Kf1 Kf8 26. Ke1 Ba6 27. Rd2
h6 28. Ne4 Rxd2 29. Kxd2 Ke7 30. Nc3 Ke6 31. e4 f5 32. Ke3 Bb7 33. f3 Bc6 34. b4
Kf6 35. Kf2 Kg5 36. g3 h5 37. h4+ Kf6 38. Ke3 g5 39. exf5 gxh4 40. gxh4 Kxf5 41.
Ne2 Be8 42. Ng3+ Ke6 43. Ne4 Bg6 44. Nc3 Bc2 45. Kd2 Bg6 46. Ke3 Bf7 47. a3 Be8
48. Ne4 a5 49. Nc3 Bc6 50. b5 Be8 51. Na4 Bxb5 52. Nxb6 Kd6 53. Nc8+ Kd7 54.
Nb6+ Kc6 55. Nc8 Kd7 56. Nb6+ Ke6 57. Ke4 Ba6 58. Na4 Bb7+ 59. Ke3 Bc6 60. Nc5+
Kd6 1/2-1/2

[Event "38th Nezhmetdinov Mem"]
[Site "Kazan RUS"]
[Date "2016.06.04"]
[Round "5.26"]
[White "Alekseeva, Irina"]
[Black "Pershin, Denis"]
[Result "0-1"]
[WhiteElo "2177"]
[BlackElo "2336"]
[WhiteFideId "24178683"]
[BlackFideId "24165506"]
[EventDate "2016.05.31"]

1. e4 c5 2. Nf3 Nc6 3. d4 cxd4 4. Nxd4 e5 5. Nb5 d6 6. c4 g6 7. N1c3 a6 8. Na3
Bg7 9. Be3 Nge7 10. Nc2 f5 11. Nd5 Nxd5 12. exd5 Ne7 13. f4 O-O 14. fxe5 f4 15.
Bd4 Nf5 16. e6 Nxd4 17. Nxd4 Qh4+ 18. Ke2 Qf6 19. Nb3 f3+ 20. Kd2 Qg5+ 21. Kc2
fxg2 22. Rg1 gxf1=Q 23. Rxg5 Rf2+ 24. Nd2 Qxc4+ 25. Kb1 Qd3+ 26. Kc1 Bxb2+ 0-1

[Event "38th Nezhmetdinov Mem"]
[Site "Kazan RUS"]
[Date "2016.06.04"]
[Round "5.27"]
[White "Smougalev, Gennady"]
[Black "Samusenko, Maksim"]
[Result "0-1"]
[WhiteTitle "FM"]
[BlackTitle "FM"]
[WhiteElo "2161"]
[BlackElo "2329"]
[WhiteFideId "4122410"]
[BlackFideId "4112253"]
[EventDate "2016.05.31"]

1. d4 Nf6 2. g3 d6 3. Bg2 Nbd7 4. e4 e5 5. Ne2 Be7 6. Nbc3 c6 7. h3 b5 8. Be3
Bb7 9. a3 a5 10. g4 b4 11. Nb1 d5 12. exd5 Nxd5 13. Bxd5 cxd5 14. axb4 axb4 15.
Rxa8 Qxa8 16. Ng3 O-O 17. Nf5 Qd8 18. O-O e4 19. Nd2 g6 20. Nxe7+ Qxe7 21. f4
Qd6 22. Kg2 Bc8 23. Rf2 Nb6 24. b3 f5 25. g5 Ba6 26. h4 Nd7 27. Kg3 Rc8 28. Nb1
h5 29. Qe1 Nf8 30. Nd2 Ne6 31. Qa1 Rc3 32. Qe1 Nxd4 33. Nb1 Nxc2 34. Rxc2 Rxc2
35. Bd4 Be2 36. Nd2 Qa6 37. Nc4 Bxc4 38. Qxb4 Qb5 0-1

[Event "38th Nezhmetdinov Mem"]
[Site "Kazan RUS"]
[Date "2016.06.04"]
[Round "5.28"]
[White "Obolentseva, Alexandra"]
[Black "Parnali, S Dharia"]
[Result "1-0"]
[WhiteTitle "WFM"]
[BlackTitle "WIM"]
[WhiteElo "2324"]
[BlackElo "2160"]
[WhiteFideId "24153648"]
[BlackFideId "5043131"]
[EventDate "2016.05.31"]

1. d4 Nf6 2. c4 g6 3. Nc3 Bg7 4. e4 d6 5. Be2 O-O 6. Nf3 e5 7. O-O Nc6 8. d5 Ne7
9. b4 Nh5 10. Re1 f5 11. Ng5 Nf4 12. Bxf4 exf4 13. Rc1 h6 14. Ne6 Bxe6 15. dxe6
Be5 16. Bf3 c6 17. c5 fxe4 18. Nxe4 d5 19. Ng5 Qc7 20. Nf7 Bg7 21. Qd3 Rae8 22.
Bg4 b5 23. h4 h5 24. Bh3 a5 25. Rb1 axb4 26. Rxb4 Ra8 27. Re2 Ra5 28. Rc2 Rfa8
29. Qd2 Qa7 30. Qxf4 Rxa2 31. Rxa2 Qxa2 32. Qd6 Bd4 33. Rxd4 Qa1+ 34. Kh2 Qxd4
35. Qxe7 b4 36. Ng5 Qg7 37. Qd6 b3 38. e7 Re8 39. Be6+ Kh8 40. Bf7 b2 41. Bxe8
Qd4 42. Bxg6 Qxh4+ 43. Nh3 1-0

[Event "38th Nezhmetdinov Mem"]
[Site "Kazan RUS"]
[Date "2016.06.04"]
[Round "5.29"]
[White "Mamontova, Anastasia"]
[Black "Karpeshov, Oleg"]
[Result "0-1"]
[BlackTitle "IM"]
[WhiteElo "2065"]
[BlackElo "2323"]
[WhiteFideId "34100234"]
[BlackFideId "4106814"]
[EventDate "2016.05.31"]

1. e4 c5 2. Nf3 e6 3. d4 cxd4 4. Nxd4 Nc6 5. Be3 Nf6 6. Nc3 Bb4 7. f3 d5 8. exd5
Nxd5 9. Nxc6 bxc6 10. Qd4 O-O 11. Bd2 c5 12. Qc4 Rb8 13. Bd3 Rb6 14. Qe4 f5 15.
Qe5 Ne7 16. a3 Nc6 17. Qe3 c4 18. axb4 cxd3 19. O-O Nxb4 20. Rxa7 Nxc2 21. Qe5
Qd4+ 22. Qxd4 Nxd4 23. Be3 e5 24. Bxd4 exd4 25. Na4 Rc6 26. Rd1 Re8 27. Rxd3 Rc2
28. Kf1 Re6 29. Rd1 f4 30. h4 h6 31. Rxd4 Ba6+ 32. Rxa6 Rxa6 33. Rxf4 Rg6 34. g4
Rd6 35. Ke1 Rdd2 36. h5 Rg2 37. Kd1 Rcf2 38. Ke1 Rh2 39. Rf5 Rfg2 40. Kf1 Rc2
41. Kg1 Rhd2 0-1

[Event "38th Nezhmetdinov Mem"]
[Site "Kazan RUS"]
[Date "2016.06.04"]
[Round "5.30"]
[White "Elkin, Leonid"]
[Black "Dzhangobegov, Vladimir"]
[Result "1/2-1/2"]
[BlackTitle "FM"]
[WhiteElo "2055"]
[BlackElo "2315"]
[WhiteFideId "13501240"]
[BlackFideId "4180984"]
[EventDate "2016.05.31"]

1. d4 e6 2. e4 d5 3. Nd2 c5 4. exd5 exd5 5. Ngf3 Nf6 6. Bb5+ Bd7 7. Bxd7+ Nbxd7
8. O-O Be7 9. dxc5 Nxc5 10. Nb3 Nce4 11. Nfd4 O-O 12. Nf5 Re8 13. Nxe7+ Rxe7 14.
Bf4 h6 15. c3 Qd7 16. Nd4 Rae8 17. f3 Nc5 18. Bg3 Nh5 19. Qd2 Nxg3 20. hxg3 Re5
21. Rae1 Qe7 22. Rxe5 Qxe5 23. Qf4 Qxf4 24. gxf4 Nd3 25. g3 Nxb2 26. Rb1 Na4 27.
Rxb7 Re1+ 28. Kf2 Ra1 29. Rxa7 Rxa2+ 30. Ke3 Nxc3 31. Rxa2 Nxa2 32. Nf5 Nb4 33.
Kd4 h5 34. Kc5 Nc2 35. Kxd5 g6 36. Nh4 Ne3+ 37. Ke4 Nf1 38. g4 Nd2+ 39. Ke3 Nc4+
40. Kd4 Nd2 41. Ke3 1/2-1/2

[Event "38th Nezhmetdinov Mem"]
[Site "Kazan RUS"]
[Date "2016.06.04"]
[Round "5.31"]
[White "Murtazin, Ruslan"]
[Black "Ambartsumova, Karina"]
[Result "1/2-1/2"]
[BlackTitle "WGM"]
[WhiteElo "2050"]
[BlackElo "2307"]
[WhiteFideId "24175960"]
[BlackFideId "4166299"]
[EventDate "2016.05.31"]

1. e4 c5 2. Nf3 e6 3. d4 cxd4 4. Nxd4 a6 5. Bd3 g6 6. b3 Bg7 7. Bb2 Qb6 8. c3
Ne7 9. Nd2 Qc7 10. O-O O-O 11. f4 d5 12. e5 Nbc6 13. N2f3 Bd7 14. Qe2 b5 15.
Rac1 Qb6 16. Qf2 Rfb8 17. h4 h5 18. g4 hxg4 19. Nh2 g3 20. Qxg3 b4 21. Rf2 bxc3
22. Nxc6 Bxc6 23. Bxc3 Nf5 24. Bxf5 exf5 25. Nf3 d4 26. Bxd4 Qb7 27. h5 Rd8 28.
hxg6 fxg6 29. Qxg6 Bxf3 30. Qe6+ Qf7 31. Qxf7+ Kxf7 32. e6+ Kxe6 33. Bxg7 Be4
34. Be5 Rd3 35. Rh2 Rg8+ 36. Kf1 Rg6 37. Ke2 Rdg3 38. Rf2 Rd3 39. Rh2 Rdg3 40.
Rf2 Rd3 1/2-1/2

[Event "38th Nezhmetdinov Mem"]
[Site "Kazan RUS"]
[Date "2016.06.04"]
[Round "5.32"]
[White "Garafutdinov, Ainur"]
[Black "Pogorelskikh, Sergey"]
[Result "0-1"]
[BlackTitle "FM"]
[WhiteElo "2044"]
[BlackElo "2281"]
[WhiteFideId "24175498"]
[BlackFideId "4187024"]
[EventDate "2016.05.31"]

1. e4 c5 2. d3 Nc6 3. g3 d5 4. Nc3 d4 5. Nce2 e5 6. Bg2 f6 7. f4 Be6 8. Nf3 Bd6
9. O-O Qd7 10. c3 Nge7 11. Qc2 h6 12. Bd2 Rc8 13. c4 g5 14. f5 Bf7 15. g4 h5 16.
h3 a6 17. gxh5 Bxh5 18. Ng3 Bf7 19. Kf2 b5 20. b3 bxc4 21. bxc4 Nb4 22. Bxb4
cxb4 23. Rh1 Nc6 24. h4 g4 25. Nh2 Rxh4 26. Qe2 Ke7 27. Nxg4 Rch8 28. Rxh4 Rxh4
29. Bf3 Qe8 30. Rg1 Qh8 31. Qd2 Bc5 32. Rg2 Be8 33. Ke2 Nd8 34. Kd1 Nf7 35. Kc2
a5 36. Kb1 Ng5 37. Bd1 Nh3 38. Ne2 Qg8 39. Nxd4 Bxd4 40. Nxf6 Qh8 41. Nd5+ Kf8
42. a3 Nf4 43. Nxf4 exf4 44. axb4 Bc3 45. Qf2 Bd4 46. Qc2 Rh1 47. bxa5 f3 48.
Rg4 f2 49. Qb3 Qe5 50. c5 Rxd1+ 51. Qxd1 Qb8+ 0-1

[Event "38th Nezhmetdinov Mem"]
[Site "Kazan RUS"]
[Date "2016.06.04"]
[Round "5.33"]
[White "Sinyanskiy, Maxim"]
[Black "Zhitnikov, Konstantin"]
[Result "0-1"]
[WhiteElo "2042"]
[BlackElo "2274"]
[WhiteFideId "4178068"]
[BlackFideId "34152846"]
[EventDate "2016.05.31"]

1. e4 c6 2. d4 d5 3. e5 Bf5 4. h4 Qb6 5. Ne2 e6 6. Ng3 Ne7 7. c4 dxc4 8. Nc3 Bd3
9. Bxd3 cxd3 10. Qxd3 Qa6 11. Qf3 Nd5 12. Nge4 h6 13. a3 Nd7 14. g4 Nb4 15. axb4
Qxa1 16. O-O Qa6 17. b5 cxb5 18. Qd3 O-O-O 19. Qe2 b4 20. Nb5 Kb8 21. b3 Nb6 22.
Ned6 Bxd6 23. exd6 Nd5 24. Bb2 Qb6 25. Bc1 a6 26. Nc7 Qxd6 27. Nxd5 Qxd5 28.
Bf4+ Ka7 29. Qe1 Qf3 30. Qe5 Qxg4+ 31. Bg3 Qxd4 32. Qa5 Rd5 33. Qc7 Rd7 34. Qa5
Qb6 35. Qe5 f6 36. Qb2 Rhd8 37. Bf4 Qc6 38. Be3+ Kb8 39. Rc1 Rd1+ 40. Rxd1 Rxd1+
41. Kh2 Qh1+ 42. Kg3 Rg1+ 43. Kf4 Qxh4+ 44. Kf3 Qg4# 0-1